Айхман в Йерусалим (Запис номер 413171)
[ съкратено ]
| 000 -Лидер | |
|---|---|
| Контролно поле с фиксирана дължина | 02529nam a2200469 a 4500 |
| 003 - Код на организацията, давaща контролен номер | |
| Контролно поле | BLK |
| 005 - Дата и час на последна редакция | |
| Контролно поле | 20241029120043.0 |
| 008 - Елементи от данни с фиксирана дължина | |
| fixed length control field | 180408b bul|||||r ||||||| ||bul|| |
| 010 ## - Наследен системен номер | |
| LC control number | KNG00054482000 |
| 020 ## - Международен стандартен номер на книга ISBN | |
| Международен стандартен номер на книга ISBN | 9789542834274 |
| 040 ## - Източник на каталожния запис | |
| Идентификатор на билиотеката - собственик на записа | BLK |
| 041 ## - Код за език | |
| Код за езика на текст/звукозапис или на отделно заглавие | Български |
| Код за езика КДБФ | Български |
| 080 ## - УДК | |
| Текстов определител УДК | Втора световна война |
| УДК код - определител по УДК | 94(100)"1939/1945" |
| УДК - код + определител | 94(100)"1939/1945" |
| 080 ## - УДК | |
| Текстов определител УДК | Специална част на наказателното право. Видове наказуеми действия - Срещу собствена или чужда държава и управлението, политически престъпления,геноцид(прав.аспекти), наркотрафик, против мира, обществен |
| УДК код - определител по УДК | 343.3/.7 |
| УДК определител | (569.4)(091) |
| УДК - код + определител | 343.3/.7(569.4)(091) |
| 080 ## - УДК | |
| Текстов определител УДК | История на Германия |
| УДК код - определител по УДК | 94(430) |
| УДК определител | (092) |
| УДК - код + определител | 94(430)(092) |
| 080 ## - УДК | |
| Текстов определител УДК | Нацистки офицер от Гестапо и един от главните организатори на Холокоста |
| УДК код - определител по УДК | 929 Айхман, Адолф |
| УДК - код + определител | 929 Айхман, Адолф |
| 100 1# - Редна дума - Автор | |
| Автор | Аренд, Хана |
| Авторска отговорност | първи автор |
| R(LIN) | 368501 |
| 139 ## - Редно поле | |
| Редна дума | Аренд, Хана |
| Авторски знак | |
| 245 10 - Сведения за заглавието | |
| Заглавие | Айхман в Йерусалим |
| Подзаглавни данни | Репортаж за баналността на злото |
| Редно поле (дума) | Хана Аренд; прев. от англ. и предг. Тодор Танев. |
| 250 ## - Област на изданието | |
| Сведения за изданието | 2. изд. |
| 257 ## - Страна на издаване | |
| Страна на създаване/издаване | България |
| 260 ## - Област на издателските данни | |
| Място на издаване, разпространение и проч. | София |
| Име на издателя, разпространителя и проч. | Сиела Норма |
| Година на издаване | 2021 |
| 9 (RLIN) | 217021 |
| Издателство - префикс ISBN | 978-954-28- |
| 300 ## - Физическа характеристика | |
| Страници | 408 с. |
| Размери/Мащаб | 23 см |
| 380 ## - Жанр | |
| Жанр | История |
| 500 ## - Общи забележки | |
| Забележка | Ориг. загл. Eichmann in Jerusalem / Hannah Arendt. - Библиогр. с. 405-407. |
| 504 ## - Забележка за наличие на библиография и др | |
| Забележка за наличие на библиография и под. | 405-407 |
| 600 14 - Име на лице, използвано като предмет | |
| За него / За нея | Айхман, Адолф |
| 9 (RLIN) | 222233 |
| 650 #4 - Допълнително описание по предмет – тема | |
| Основно описание – тема или топоним | Германия - военнопрестъпници |
| 9 (RLIN) | 283330 |
| 650 #4 - Допълнително описание по предмет – тема | |
| Основно описание – тема или топоним | Втора световна война - жестокости |
| 9 (RLIN) | 265154 |
| 650 #4 - Допълнително описание по предмет – тема | |
| Основно описание – тема или топоним | Политически процеси (право) |
| 9 (RLIN) | 261131 |
| 650 #4 - Допълнително описание по предмет – тема | |
| Основно описание – тема или топоним | Еврейски въпрос |
| 9 (RLIN) | 265152 |
| 650 #4 - Допълнително описание по предмет – тема | |
| Основно описание – тема или топоним | Фашизъм - Германия - история |
| 9 (RLIN) | 246497 |
| 653 ## - Ключова дума – ненормативна | |
| Ключова дума | военнопрестъпници |
| 653 ## - Ключова дума – ненормативна | |
| Ключова дума | еврейски въпрос |
| 653 ## - Ключова дума – ненормативна | |
| Ключова дума | фашизъм |
| 653 ## - Ключова дума – ненормативна | |
| Ключова дума | Втора световна война |
| 700 1# - Други автори (авторска отговорност) | |
| Лично име | Танев, Тодор Александров |
| Автороска отговорност (Описва отношението между автора и произведението) | прев. и предг. |
| 9 (RLIN) | 283329 |
| 856 4# - Електронен адрес и достъп | |
| Електронен формат | pdf - файл |
| 856 4# - Електронен адрес и достъп | |
| Електронен формат | pdf - файл |
| 999 ## - СИСТЕМНИ КОНТРОЛНИ НОМЕРА | |
| Koha biblionumber | 413171 |
| Koha biblioitemnumber | 413171 |
| 942 ## - АРТИКУЛИ | |
| Вид на библиотечния материал | Книги |
| Скрит в OPAC | Не |
| Koha issues (borrowed), all copies | 13 |
| Периодичен библиозапис | Да |
| 944 ## - СЪЗДАВАНЕ И РЕДАКЦИЯ на ЗАПИСА | |
| Служител, извършил регистрацията/редакцията | 30530 |
| Статус, дата на статуса | Минев Младен |
| Код за отписване | Код за изгубен артикул | Източник на класификационната схема | Код за повреда | Коз за рестрикции | Код за отдаване | Артикулен № | Име на библиотеката - собственик | Име на библиотеката, в която се намира в момента | Статус (Текущо местоположение) | Дата на вписване в системата | Местоположение - отдел | Цена в лева | Систематично азбучна сигнатура | Баркод | Цена в евро | Служебен тип на артикула |
|---|---|---|---|---|---|---|---|---|---|---|---|---|---|---|---|---|
| Не е изгубен | Universal Decimal Classification | Не е повреден | без рестрикции | заемане за дома | 830240 | Регионална библиотека "Любен Каравелов" Русе | Регионална библиотека "Любен Каравелов" Русе | Заемна - подръчен фонд | 2021-05-17 | Заемна - подръчен фонд | 13.42 | 94(100)'1939/1945"/А 83 Х | 120000855151 | 6.86 | Книги | |
| Не е изгубен | Universal Decimal Classification | Не е повреден | без рестрикции | заемане за дома | 880291 | Регионална библиотека "Любен Каравелов" Русе | Регионална библиотека "Любен Каравелов" Русе | Заемна - подръчен фонд | 2022-04-05 | Заемна - подръчен фонд | 17.90 | 94(100)''1939/1945"/А 83 Х | 120000870413 | 9.15 | Книги |